| 000 | 00425nam a22001457a 4500 | ||
|---|---|---|---|
| 008 | 140128b xxu||||| |||| 00| 0 eng d | ||
| 100 |
_9115 _aSen, Arun Kumar |
||
| 245 |
_aCommercial law & industrial law _cby Arun Kumar Sen & Jitendra Kumar Mitra. |
||
| 250 | _a22nd ed. | ||
| 260 |
_aKolkata, _bWorld Press, _cc2001. |
||
| 300 | _a100p. | ||
| 650 | 0 |
_9117 _aBusiness Law |
|
| 700 |
_9116 _aMitra, Jitendra Kumar |
||
| 942 |
_2ddc _cBK |
||
| 999 |
_c98 _d98 |
||